Statistiken für Wortgemisch - Deutsche Lieder #5

Klicken Sie hier um das Quiz zu spielen!

Allgemein

  • Dieses Quiz wurde 429 mal gespielt
  • Das Durchschnittsergebnis liegt bei 13 aus 15

Antwortstatistiken

HintAntwort% Korrekt
rumaW?Warum?
100%
zreH na HrezHerz an Herz
99%
eiW öchns uD isbtWie schön Du bist
97%
seeDis neeLbDieses Leben
96%
heOn cidhOhne dich
96%
antSa raaMiSanta Maria
95%
luHe chodHeul doch
94%
chrieS achn eiLbeSchrei nach Liebe
92%
nnärMe nisd eenwichSMänner sind Schweine
91%
eigerrK sed stichLKrieger des Lichts
85%
nA edr tsereeNükodAn der Nordseeküste
80%
hcI nenek stchinIch kenne nichts
78%
oleClCello
77%
naTz edr eeloMülkTanz der Moleküle
64%
ugonSerdz achn waknoPSonderzug nach Pankow
54%

Verteilung der Resultate

Perzentil nach korrekt beantworteten Fragen

Anzahl Personen mit jedem Resultat

Ihre Resultats-Entwicklung

Sie haben dieses Quiz noch nicht gespielt